1836 1596 1327 1807 1490 1254 1809 1286 1625 1127 1456 1818 1275 1422 1655 1276 1451 1398 1617 1657 1848 1377 1207 1832 1050 1642 1899 1379 1602 1736 1441 1747 1884 1671 1348 1607 1238 1853 1648 1278 1642 1204 1379 1715 1385 1238 1462 1719 1128 1846 1717 1672 1437 1400 1208 1783 1598 1391 1570 1959 1556 1781 1181 1364 1889 1786 1663 1560 1983 1184 1639 1041 1954 1214 1538 1479 1369 1113 1760 1860 1689 1254 1103 1450 1775 1277 1602 1650 1751 1079 1037 1384 1819 1957 1976 1227 1463 1015 1297 BCNSPRNW ULIB Ver.6.0+V

เปลี่ยนเป็นภาษาไทย

Change to English
 แสดงรายละเอียดบรรณานุกรม
  กลับหน้าหลัก

Brief Record : Get Marc (ISO 2709) : E-mail record : QR code < ปิดหน้าต่าง
LEADER : 00000nam 2200000uu 4500
001    13399114938
003     ULIB
008    120622s2546||||th 000 0 tha d
060 04 ^aWS103^bก151ค 2546
100 0  ^aกรมสุขภาพจิต กระทรวงสาธารณสุข
245 10 ^aคู่มือคัดกรองและส่งเสริมพัฒนาการเด็กวัยแรกเกิด - 5 ปี สำหรับบุคลากรสาธารณสุข /^cกรมสุขภาพจิต กระทรวงสาธารณสุข
250    ^aพิมพ์ครั้งที่ 1
260    ^aกรมสุขภาพจิต :^bกระทรวงสาธารณสุข,^c2546
300    ^a49 หน้า :^bภาพประกอบ ;^c21 ซม.
650  4 ^aพัฒนาการเด็ก^vคู่มือ
650  4 ^aการเจริญเติบโต^vคู่มือ
650  4 ^aจิตวิทยาเด็ก^vคู่มือ
945    ^p0^l0^i13638
995    ^aกัณชพร
999 ^a ใช้งานได้ทุกระบบ
รายการนี้ยังไม่มีแท็ก
คุณยังไม่ได้ล็อกอิน คุณสามารถมีกิจกรรมร่วมกับเว็บไซต์ได้ แต่ต้องล็อกอินก่อน ::
  ล็อกอิน

รายการสื่อสารสนเทศ

ลำดับที่ ประเภท เลขเรียก/บาร์โค้ด สถานที่ สถานะ
- ไม่พบข้อมูล -

BibComment


ยังไม่เคยถูกคอมเมนท์

คอมเมนท์ทรัพยากรรายการนี้
  คอมเมนท์: คู่มือคัดกรองและ..


 Copyright 2026. Bcnsprnw @Library